000 00814nam a2200217 u 4500
001 000274842
003 AM-YeHGA
005 20250618071816.0
008 031022s1977 ai r 000 0 arm d
040 _aAM-YeHGA
041 0 _aarm
090 _aՆ-19
100 1 _aՆալբանդյան, Վարուժան Կարապետի,
_d1929-
245 1 0 _aԿրկեսային երազանքներ :
_bՀեքիաթներ և պատմվածքներ /
_cՎ. Նալբանդյան; Խմբ.՝ Է.Ա. Մակարյան.
260 _aԵրևան :
_bՍովետական գրող,
_c1977.
300 _a172 էջ ;
_c17 սմ.
650 1 4 _aՀայ գրականություն
_xՀեքիաթ
_94726
650 1 4 _aՀայ գրականություն
_xՊատմվածք
700 1 _aՄակարյան, Է.Ա.
_eխմբ.
_4edt
090 _c101282
999 _c99969
_d99969